| 000 | 00970cad a22002295a 4500 | ||
|---|---|---|---|
| 001 | L144299 | ||
| 008 | 080708s2008 xxkad f s 000 0 eng d | ||
| 035 | _a(Sirsi) u144299 | ||
| 041 | 0 | _aeng | |
| 050 | 0 | 4 | _a333.32 $2 18 |
| 110 | 2 |
_aInvestment Property Databank _92288 |
|
| 245 | 0 | 0 |
_aIPD Global Property Index _bresults for the year ending 31 December 2007 _h[electronic resource] |
| 260 | _c2008 | ||
| 490 | 0 |
_aIPD Global Property Index _vresults for the year ending 31 December 2007 |
|
| 520 | _aIn 2007 the All Property total returns across world real estate markets were significantly lower than those in 2006, falling from 14.7%, to 11.5%. | ||
| 590 | _aKA NTK | ||
| 650 | 2 | 4 | _aIPD GLOBAL PROPERTY INDEX |
| 651 | 4 | _aInternational | |
| 690 | _aPROPERTY-COMMERCIAL PROPERTY-COMMERCIAL PROPERTY MARKET | ||
| 856 | 4 | 0 |
_uhttps://www.ipd.com/OurProducts/Indices/Global/tabid/936/Default.aspx _zView the item free of charge at www.ipdglobal.com... |
| 942 | _n0 | ||
| 999 |
_c108443 _d108443 |
||